A munkanélküliség és foglalkoztatáspolitika Magyarországon

Elmentve itt :
Bibliográfiai részletek
Szerző: Szűcs Dániel
További közreműködők: Sallai Miklós (Témavezető)
Dokumentumtípus: Szakdolgozat
Megjelent: 2003
Tárgyszavak:
Online Access:http://diploma.bibl.u-szeged.hu/27752
LEADER 00572nta a2200157 i 4500
001 dipl27752
005 20130314085125.0
008 110819s2003 hu om 0|| zxx d
040 |a SZTE Diploma Repozitórium  |b hun 
041 |a zxx 
100 1 |a Szűcs Dániel 
245 1 2 |a A munkanélküliség és foglalkoztatáspolitika Magyarországon  |h [elektronikus dokumentum] /  |c Dániel Szűcs 
260 |c 2003 
650 4 |a Jogi és igazgatási tanulmányok 
700 1 |a Sallai Miklós  |e ths 
856 4 0 |u http://diploma.bibl.u-szeged.hu/id/eprint/27752/1/2003_szucs_daniel.pdf  |z Dokumentum-elérés